Problém, o ktorom sa ťažko hovorí pri nemožnosti kauzálnej liečby inkontinencie sa využívajú absorbujúce pomôcky

Bibliographic Details
Main Author: Stojkovič, Jozef (Author)
Format: Article
Language:Slovak
Subjects:

MARC

LEADER 00000nab a2200000 a 4500
001 vtls000651241
003 SK-MaSNL
005 20260302200806.0
008 140302c1998 xo 0 slo
015 |a SNBRA1998/02-02411 
035 |a CLN000003435 
040 |a SNKBUCL  |b slo  |c SNKBUCL  |e AACR2 
041 0 |a slo 
044 |a xo  |c SK 
080 |a 615.468.4:616.62-008.22  |2 1997 
080 |a 616.62-008.22:615.468.4  |2 1997 
100 1 |a Stojkovič, Jozef  |4 aut  |9 403368 
245 1 0 |a Problém, o ktorom sa ťažko hovorí  |b pri nemožnosti kauzálnej liečby inkontinencie sa využívajú absorbujúce pomôcky  |c Jozef Stojkovič 
300 |b Tab. 
650 0 7 |a inkontinencia moču  |x pomôcky zdravotnícke  |2 snkbucl  |9 920165 
650 0 7 |a pomôcky zdravotnícke  |x inkontinencia moču  |2 snkbucl  |9 920166 
655 7 |a články z novín a časopisov  |2 snkbucl  |2 snkbucl  |9 267496 
773 0 |t Zdravotnícke noviny  |g Roč. 3, č. 4 (1998) 
773 0 |t [Príl.] Lekárske listy  |g Č. 4 (1998), s. 20 
850 |a Slovenská národná knižnica v Martine 
852 |a SNK  |b KIS3GCP 
992 |a RBX 
999 |c 1458310  |d 1460240